Participace dítěte na rozhodování a její limity v současné praxi sociální práce
Zapojenie dieťaťa do rozhodovania o veciach, ktoré sa ho týkajú, je jedným zo základných práv dieťaťa formulovaných v Dohovore o právach dieťaťa a súčasne je predpokladom k napĺňaniu ďalších práv. So zapojením, tj. participáciou dieťaťa úzko súvisí informovanosť dieťaťa o všetkom, čo môže byť pre je...
Salvato in:
| Autore principale: | |
|---|---|
| Altri autori: | |
| Natura: | Capitolo di libro |
| Lingua: | ceco |
| Soggetti: | |
| Tags: |
Nessun Tag, puoi essere il primo ad aggiungerne!!
|
MARC
| LEADER | 00000nla a2200000 4500 | ||
|---|---|---|---|
| 001 | 0247074 | ||
| 005 | 20240417075143.9 | ||
| 041 | 0 | |a cze | |
| 044 | |a CZ | ||
| 245 | 1 | 0 | |a Participace dítěte na rozhodování a její limity v současné praxi sociální práce |c Karolína Šilarová, Adéla Michková |
| 520 | |a Zapojenie dieťaťa do rozhodovania o veciach, ktoré sa ho týkajú, je jedným zo základných práv dieťaťa formulovaných v Dohovore o právach dieťaťa a súčasne je predpokladom k napĺňaniu ďalších práv. So zapojením, tj. participáciou dieťaťa úzko súvisí informovanosť dieťaťa o všetkom, čo môže byť pre jeho rozhodovanie podstatné. Rešpekt k právu dieťaťa na participáciii na úrovni rodiny, školy, komunity a spoločnosti sa zvyšuje a na medzinárodnej i národnej úrovni je podporovaný niekoľkými legislatívnymi a koncepčnými krokmi. Praktická realizácia však naráža na prekážky v podobe individuálnych limitov jednotlivých aktérov systému, tak v podobe limitov systémových či spoločenských. | ||
| 610 | 2 | 0 | |a deti |
| 610 | 2 | 0 | |a ochrana právna |
| 610 | 2 | 0 | |a ochrana sociálna |
| 610 | 2 | 0 | |a práca sociálna |
| 610 | 2 | 0 | |a pracovníci sociálni |
| 610 | 2 | 0 | |a rozhodovanie |
| 610 | 2 | 0 | |a rodina |
| 610 | 2 | 0 | |a vzdelávanie |
| 100 | 1 | |a Šilarová, Karolína | |
| 700 | 1 | |a Michková, Adéla | |